000 00954nas a2200289 4500
001 BR9100408
003 BR-BrBNA
005 20231205091903.0
007 ta
008 230509b bl.|||p| |||| 00| 00por d
040 _aBR-BrBNA
_bpor
_cBiblioteca Nacional de Agricultura
041 _a(Pt)
072 _aH50
100 1 _aPereira Netto, A.B. de
100 1 _aPinto, H.S.
100 1 _aRocha Neto, O.G. da
245 1 _aCurso diario da resistencia foliar a difusao de vapor de agua em kudzu tropical sob baixa temperatura
246 1 _aDaily cycle of tropical kudzu leaf diffusive resistance, under low temperature
650 _aKUDZU
650 _aFOLHA
650 _aRADIACAO SOLAR
650 _aRESISTENCIA A TEMPERATURA
650 _aSAO PAULO
773 0 _tPesquisa Agropecuaria Brasileira (Brazil)
_xISSN 0100-204X
_g(Feb 1991), v. 26(2) p. 177-182
_wBR9100408
909 _a202311
_bLúcia
_c55
_dLúcia Elande
942 _2AGRIS
_n0
_cANA
999 _c127963
_d127963